Представление документа в формате RUSMARC

ПолеНазваниеЗначение
  Тип записи a
  Библиографический уровень m
001 Контрольный номер RU/SLIB/B/208717965
005 Дата корректировки 20201206203935.3
010 Индекс ISBN __
d Цена 0-82
101 Язык документа __
a Язык текста rus
200 Заглавие и сведения об ответственности 0_
a Заглавие Небо остается нашим
b Общее обозначение материала Текст
205 Сведения об издании __
a Основные сведения об издании 2-е изд., испр.
210 Выходные данные __
a Место издания М.
c Издательство Воениздат
d Дата издания 1976
215 Физическое описание __
a Объем 238 с.
c Иллюстрации/тип воспроизводства фотоил.
225 Серия __
a Серия Военные мемуары
600 Персоналии __
a Персоналии (Фамилия) Чечнева, М. П.
606 Тематические рубрики __
a Основная рубрика История
606 Тематические рубрики __
a Основная рубрика История России и СССР (октябрь 1917 - 1991 г.)
606 Тематические рубрики __
a Основная рубрика Военное дело
606 Тематические рубрики __
a Основная рубрика Военно-воздушные силы в целом
606 Тематические рубрики __
y Географическая подрубрика Россия; СССР
610 Ключевые слова __
a Ключевые слова Великая Отечественная война; военные летчицы; мемуары; летчики
686 Индексы других классификаций __
a Классификационный индекс 63.3(2)622,88
686 Индексы других классификаций __
a Классификационный индекс 68.52(2)
700 Автор _1
a Фамилия Чечнева
b Имя М. П.
4 Код отношения 070
801 Источник записи _0
a Страна RU
b Организация Муниципальное бюджетное учреждение культуры "Централизованная библиотечная система" г. Сургут (Центральная городская библиотека им. А. С. Пушкина)
g Правила каталогизации К/Кундохова
801 Источник записи _1
a Страна RU
b Организация Муниципальное бюджетное учреждение культуры "Централизованная библиотечная система" г. Сургут (Центральная городская библиотека им. А. С. Пушкина)
g Правила каталогизации К/Кундохова
852 Данные о местонахождении __
j Шифр хранения 63.3(2)622,88
c Каталожный индекс 63.3(2)622.78; 68.53(2)
i Авторский знак Ч-57
p Инвентарный номер 47381(с)
901 Тип документа __
t Тип документа m
990 Данные о заказе (DOS) __
j Количество экземпляров (DOS) 1